000 00492nam a2200181Ia 4500
008 090124s9999 xx 000 0 und d
082 _b123001
100 _aमेहता शशिकला
245 _a ब्लॅकमेल
250 _a1
260 _c1988
300 _a212
600 _aमेहता शशिकला
630 _a ब्लॅकमेल
700 _aमेहता शशिकला
730 _a ब्लॅकमेल
942 _cBOOK
999 _c169087
_d169087